Statistiques concernant GEOGUESSR META BARRE DE TOIT

Cliquez ici pour prendre le quiz!

Statistiques générales

  • Ce quiz a été pris 83 fois
  • Le résultat moyen est 4 sur 12

Statistiques - réponses

Réponse% Correct
GHANA
100%
MONGOLIE
42%
GUATEMALA
40%
ILE DE LA REUNION
40%
ILES FEROE
38%
BANGLADESH
36%
REPUBLIQUE DOMINICAINE
33%
KIRGHIZISTAN
29%
SENEGAL
24%
CURACAO
20%
ILES VIERGES DES ETATS UNIS
13%
LAOS
11%

Distribution des résultats

Percentile par nombre de réponses

% des personnes avec chaque résultat

Votre développement - résultats

Vous n’avez pas pris ce quiz